Chariji Maharaj Teachings on the Trail/ (Record no. 201169)

MARC details
000 -LEADER
fixed length control field 00566nam a22001937a 4500
005 - DATE AND TIME OF LATEST TRANSACTION
control field 20240312154733.0
010 ## - LCCN (DPL NO)
LC control number ENG-139176
020 ## - INTERNATIONAL STANDARD BOOK NUMBER
Terms of availability 200.00
International Standard Book Number 9789384963965
035 ## - SYSTEM CONTROL NUMBER
System control number EN-122708
037 ## - SOURCE OF ACQUISITION
Source of stock number/acquisition DBAD/PUB
082 ## - DEWEY DECIMAL CLASSIFICATION NUMBER
Classification number 921
100 ## - MAIN ENTRY--PERSONAL NAME
Personal name Durai, A.P.
245 ## - TITLE STATEMENT
Title Chariji Maharaj Teachings on the Trail/
Statement of responsibility, etc By A.P. Durai
250 ## - EDITION STATEMENT
Edition statement Second Edition
Remainder of edition statement March 2017
260 ## - PUBLICATION, DISTRIBUTION, ETC. (IMPRINT)
Place of publication, distribution, etc Kolkata
Name of publisher, distributor, etc Spiritual Hierarchy Publication Trust
Date of publication, distribution, etc 2016
270 ## - ADDRESS
City Kolkata
Postal code 700027
300 ## - PHYSICAL DESCRIPTION
Extent 430p.
Dimensions 23cm(pbk)
942 ## - ADDED ENTRY ELEMENTS (KOHA)
Source of classification or shelving scheme Dewey Decimal Classification
Item type English Books
Classification part 921
Call number suffix DUR
Edition 2017
Holdings
Withdrawn status Lost status Not for loan Collection code Home library Current library Date acquired Source of acquisition Cost, normal purchase price Full call number Barcode Copy number Cost, replacement price Koha item type
      Non-fiction Peshwa Road Peshwa Road 29/02/2024 DBAD/PUB 200.00 921 DUR EN-122708 1 200.00 English Books

© Delhi Public Library
Hit Counter
free hit counter